مكتبة جامعة عجلون الوطنية

فهرس بحث المكتبة

علم الاحياء المجهرية الطبية / (Record no. 33365)

MARC details
000 -LEADER
fixed length control field 00857nam a22001937a 4500
003 - CONTROL NUMBER IDENTIFIER
control field JO-AjAnu
005 - DATE AND TIME OF LATEST TRANSACTION
control field 20240326134005.0
008 - FIXED-LENGTH DATA ELEMENTS--GENERAL INFORMATION
fixed length control field 240326b jo ||||| |||| 00| 0 ara d
040 ## - CATALOGING SOURCE
Original cataloging agency JO-AjAnu
Transcribing agency JO-AjAnu
041 #0 - LANGUAGE CODE
Language code of original ara
100 #1 - MAIN ENTRY--PERSONAL NAME
Personal name العزاوي، حيدر مظهر عباس
Relator term معد
9 (RLIN) 65163
245 01 - TITLE STATEMENT
Title علم الاحياء المجهرية الطبية /
Statement of responsibility, etc. اعداد حيدر مظهر عباس العزاوي
250 ## - EDITION STATEMENT
Edition statement الطبعة الاولى
260 ## - PUBLICATION, DISTRIBUTION, ETC.
Place of publication, distribution, etc. عمان :
Name of publisher, distributor, etc. دار غيداء للنشر والتوزيع،
Date of publication, distribution, etc. 2021
300 ## - PHYSICAL DESCRIPTION
Extent 203 صفحه
500 ## - GENERAL NOTE
General note يحتوي على جداول واشكال بيانيه توضيحية
650 ## - SUBJECT ADDED ENTRY--TOPICAL TERM
Form subdivision علم الاحياء المجهرية-علم الجراثيم-علم الفيروسات-المضادات الحيوية-النباتات الطبية-الطب
942 ## - ADDED ENTRY ELEMENTS (KOHA)
Source of classification or shelving scheme Library of Congress Classification
Koha item type Books
Suppress in OPAC No
Holdings
Withdrawn status Lost status Source of classification or shelving scheme Damaged status Not for loan Home library Current library Date acquired Total Checkouts Full call number Barcode Date last seen Price effective from Koha item type
    Library of Congress Classification     مكتبة جامعة عجلون الوطنية مكتبة جامعة عجلون الوطنية 26/03/2024   QR41.2.2021 A29863 26/03/2024 26/03/2024 Books
    Library of Congress Classification     مكتبة جامعة عجلون الوطنية مكتبة جامعة عجلون الوطنية 26/03/2024   QR41.2.2021 A29862 26/03/2024 26/03/2024 Books